000 00691nam a22002057a 4500
999 _c163783
_d163783
005 20190430152222.0
010 _aB-416867
020 _a9788189988272
035 _aB-416867
037 _bDBAD/PUB
082 _a791.4302
100 _aRaj,Ashok
245 _aHero/
_cby Ashok Raj
260 _aNew Delhi
_bHay House Publishers(India) Pvt. Ltd.
_c2010
270 _aMuskaan Complex, Plot No.3, B-2 Vasant Kunj
_bNew Delhi
_e110070
_mcontact@hayhouse.co.in.
300 _axiv,406p.
_bill.
_c23cms(hbk)
500 _aIt includes index
942 _2ddc
_cEN
_h791.4302
_mASH